[Event "1800 - 2299 Rated Tournament 5"]
[Site "SchemingMind.com"]
[Date "2023.06.18"]
[Round "-"]
[White "Michael Christensen"]
[Black "pawngrabber"]
[Result "0-1"]
[WhiteCountry "GER"]
[BlackCountry "ENG"]
[WhiteElo "1728"]
[WhiteRD "79"]
[BlackElo "1805"]
[BlackRD "71"]
[GameID "734832"]

1. d4 Nf6 2. Nc3 d5 3. Bg5 e6 4. e4 dxe4 5. Nxe4 Be7 6. f3 O-O 7. Bd3 Nbd7 8. Be3 Nd5 9. Bf2 Nf4 10. g3 Nxd3+
11. Qxd3 Nf6 12. O-O-O b6 13. Ne2 Bb7 14. N2c3 Nd5 15. Nxd5 Qxd5 16. c4 Qa5 17. Kb1 Rad8 18. Qe2 Qa4 19. Nc3 Qc6 20. Ne4 Ba6
21. Nd2 Bf6 22. Ne4 Be7 23. Rc1 Qa4 24. Rhd1 c5 25. f4 cxd4 26. b3 Qc6 27. Bxd4 Bb7 28. Nc3 Rd7 29. Na4 Rfd8 30. Ba1 Qe4+
0-1

[Event "1800 - 2299 Rated Tournament 5"]
[Site "SchemingMind.com"]
[Date "2023.06.14"]
[Round "-"]
[White "pawngrabber"]
[Black "The Stonewall"]
[Result "0-1"]
[WhiteCountry "ENG"]
[BlackCountry "ENG"]
[WhiteElo "1805"]
[WhiteRD "68"]
[BlackElo "2323"]
[BlackRD "72"]
[GameID "734833"]

1. d4 Nf6 2. c4 g6 3. Nc3 Bg7 4. e4 d6 5. f4 c5 6. d5 O-O 7. Nf3 e6 8. Bd3 exd5 9. cxd5 b5 10. Nxb5 c4
11. Bc2 Re8 12. O-O Qb6+ 13. Nbd4 Nxe4 14. Kh1 Nd7 15. Bxe4 Rxe4 16. Ne2 Nf6 17. Ng3 Re8 18. Qc2 Ba6 19. Re1 Rxe1+ 20. Nxe1 Nxd5
21. Nf3 Nb4 22. Qd2 Nd3 23. Qe3 Qxe3 24. Bxe3 Bxb2 25. Rb1 Re8 26. Bxa7 c3 27. Nd4 Nc1 28. h3 Bd3
0-1

[Event "1800 - 2299 Rated Tournament 5"]
[Site "SchemingMind.com"]
[Date "2023.06.14"]
[Round "-"]
[White "The Stonewall"]
[Black "pawngrabber"]
[Result "1-0"]
[WhiteCountry "ENG"]
[BlackCountry "ENG"]
[WhiteElo "2323"]
[WhiteRD "72"]
[BlackElo "1805"]
[BlackRD "68"]
[GameID "734834"]

1. d4 Nf6 2. Nf3 e6 3. Bg5 Be7 4. Nbd2 d5 5. e3 O-O 6. Bd3 Nbd7 7. O-O c5 8. c3 c4 9. Bc2 b5 10. Ne5 Nxe5
11. dxe5 Nd7 12. Bxe7 Qxe7 13. f4 Rd8 14. Nf3 a5 15. Nd4 Bb7 16. Nxb5 Qc5 17. Nd6 Qxe3+ 18. Kh1 Qb6 19. Bxh7+
1-0

[Event "1800 - 2299 Rated Tournament 5"]
[Site "SchemingMind.com"]
[Date "2023.06.16"]
[Round "-"]
[White "pawngrabber"]
[Black "Transcendent"]
[Result "0-1"]
[WhiteCountry "ENG"]
[BlackCountry "ENG"]
[WhiteElo "1821"]
[WhiteRD "70"]
[BlackElo "1981"]
[BlackRD "79"]
[GameID "734835"]

1. d4 d5 2. c4 c6 3. cxd5 cxd5 4. Nc3 Nf6 5. g3 Nc6 6. Bg2 Bf5 7. Nf3 e6 8. O-O h6 9. a3 Be7 10. Bd2 O-O
11. Rc1 Rc8 12. b4 Ne4 13. e3 Nd6 14. Qb3 Rc7 15. Ne1 Nc4 16. Nf3 a5 17. Ne2 axb4 18. axb4 b5 19. Bc3 Qd7 20. Ra1 Rfc8
21. Rfe1 Bf8 22. Ne5 N6xe5 23. dxe5 Nb6 24. Rec1 Bd3 25. Nd4 Qe7 26. Bf1 Bxf1 27. Kxf1 Rc4 28. Nxb5 Qd7 29. Na3 R4c7 30. Bd2 Nc4
31. Nxc4 dxc4 32. Qb2 c3 33. Bxc3 Qd3+
0-1

[Event "1800 - 2299 Rated Tournament 5"]
[Site "SchemingMind.com"]
[Date "2023.06.16"]
[Round "-"]
[White "Transcendent"]
[Black "pawngrabber"]
[Result "0-1"]
[WhiteCountry "ENG"]
[BlackCountry "ENG"]
[WhiteElo "1981"]
[WhiteRD "79"]
[BlackElo "1821"]
[BlackRD "70"]
[GameID "734836"]

1. d4 Nf6 2. c4 e6 3. g3 d5 4. Nf3 Be7 5. Bg2 c5 6. cxd5 Nxd5 7. O-O cxd4 8. Nxd4 O-O 9. Qb3 Bf6 10. Rd1 Qb6
11. Qxb6 Nxb6 12. Nc3 Bd7 13. Bxb7 Bxd4 14. Rxd4 Bc6 15. Bxa8 Bxa8 16. Be3 Nc6 17. Rdd1 Ne5 18. Rac1 Nec4 19. Bxb6 axb6 20. b3 Ne5
21. Na4 b5 22. Nb6 Be4 23. f3 Bb7
0-1

[Event "1800 - 2299 Rated Tournament 5"]
[Site "SchemingMind.com"]
[Date "2023.06.14"]
[Round "-"]
[White "pawngrabber"]
[Black "lawyertheologian"]
[Result "0-1"]
[WhiteCountry "ENG"]
[BlackCountry "USA"]
[WhiteElo "1821"]
[WhiteRD "70"]
[BlackElo "2023"]
[BlackRD "85"]
[GameID "734837"]

1. d4 f5 2. c4 Nf6 3. g3 g6 4. Bg2 Bg7 5. Nc3 O-O 6. Nf3 d6 7. O-O c6 8. Re1 Nh5 9. h3 f4 10. g4 Nf6
11. e4 fxe3 12. Bxe3 Na6 13. Qd2 Nc7 14. Rac1 Be6 15. b3 Kh8 16. Bh6 Bg8 17. Bxg7+ Kxg7 18. a4 e6 19. b4 e5 20. dxe5 dxe5
21. Qxd8 Raxd8 22. Nxe5 Rd2 23. Re2 Rfd8 24. Rc2 R2d4 25. Ne4 Rd1+ 26. Kh2 Ne6 27. Nxf6 Kxf6 28. Nf3 Nd4 29. Nxd4 R1xd4 30. b5 Bxc4
31. bxc6 bxc6 32. Re3 c5 33. Be4 Rc8 34. Rcc3 Bf7 35. a5 Ra4 36. a6 Re8 37. Rf3+ Kg7 38. Bb7 Re5 39. Kg3 c4 40. Rf4 Rb4
41. Kg2 Rb3 42. Rc2 c3 43. Rf3 Rc5 44. Kg3 g5 45. Re3 Ra3 46. Be4 Ba2 47. Rc1 Rc7 48. Bf5 Kf6 49. h4 h6 50. f4 gxf4+
51. Kxf4 Ra4+ 52. Kg3 Ra3 53. Kf2 Bd5 54. Kg3 Rb3 55. Bc2 Rb6 56. Bf5 Rbc6 57. Bd3 Re6 58. Rf1+ Ke7 59. Rxe6+ Bxe6 60. Rc1 Kd6
61. Kf4 Kd5 62. Bc2 Kc4 63. g5 hxg5+ 64. hxg5 Bc8 65. Rd1 Kb4 66. Rb1+ Kc5 67. Rb3 Kc4 68. Ra3 Rf7+ 69. Kg3 Kd4 70. Kh4 Rf2
71. Ra2 Be6 72. Ra4+ Ke5 73. Ra5+ Kd6 74. Bh7 Rh2+
0-1

[Event "1800 - 2299 Rated Tournament 5"]
[Site "SchemingMind.com"]
[Date "2023.06.14"]
[Round "-"]
[White "lawyertheologian"]
[Black "pawngrabber"]
[Result "1/2-1/2"]
[WhiteCountry "USA"]
[BlackCountry "ENG"]
[WhiteElo "2023"]
[WhiteRD "85"]
[BlackElo "1821"]
[BlackRD "70"]
[GameID "734838"]

1. Nc3 g6 2. e4 Bg7 3. d4 d6 4. Bc4 Nf6 5. Qe2 O-O 6. e5 Nfd7 7. Nf3 dxe5 8. dxe5 Nb6 9. Bb3 Nc6 10. h3 Na5
11. O-O Nxb3 12. axb3 Be6 13. Rd1 Qc8 14. Bg5 Re8 15. Ne4 Nd5 16. c4 Nb4 17. Nc3 c6 18. Nd4 Na6 19. Nxe6 Qxe6 20. Bf4 Nc5
21. b4 Nd7 22. Re1 a6 23. Rad1 Rad8 24. b3 Nf8 25. Na4 Qf5 26. Bg3 Ne6 27. Qe3 Rxd1 28. Rxd1 Rd8 29. Rxd8+ Nxd8 30. Qb6 Qc8
31. Nc5 Bh6 32. e6 Nxe6 33. Nxb7 Bd2 34. Qxa6 Bxb4 35. Nc5 Qxa6 36. Nxa6 c5 37. Nxb4 cxb4 38. f3 Nc5 39. Be1 Nxb3 40. Bxb4 e5
41. Kf2 Nd4 42. Bc3 Nc6 43. Ke3 f5 44. Kd3 Kf7 45. c5 Ke6 46. Kc4 e4 47. Bd4 g5 48. fxe4 fxe4 49. Be3 h6 50. h4 Ne5+
51. Kd4 Kf5 52. hxg5 hxg5 53. Kd5 Ng4 54. Bd4 e3 55. c6 e2 56. Bc3 Nf6+ 57. Kd4 Ne8 58. Ke3 Ke6 59. Kxe2 Kd6 60. Kf3 Kxc6
61. Kg4 Kd6 62. Kxg5 Ke6 63. Kg6 Nd6 64. Kg7 Kf5 65. Kh6 Kg4 66. Be1=
1/2-1/2

[Event "1800 - 2299 Rated Tournament 5"]
[Site "SchemingMind.com"]
[Date "2023.06.14"]
[Round "-"]
[White "pawngrabber"]
[Black "greghghs"]
[Result "0-1"]
[WhiteCountry "ENG"]
[BlackCountry "ENG"]
[WhiteElo "1805"]
[WhiteRD "68"]
[BlackElo "2257"]
[BlackRD "166"]
[GameID "734839"]

1. d4 Nf6 2. c4 c5 3. d5 b5 4. cxb5 a6 5. bxa6 Bxa6 6. Nc3 d6 7. g3 g6 8. Bg2 Bg7 9. Nf3 O-O 10. O-O Nbd7
11. Re1 Nb6 12. e4 Nfd7 13. Rb1 Nc4 14. Nd2 Nce5 15. Nf3 Nd3 16. Re3 Nxc1 17. Rxc1 Bh6 18. Qe1 Qc7 19. Nh4 Rfb8 20. f4 Rxb2
21. e5 dxe5 22. d6 Rxg2+ 23. Nxg2 exd6 24. Nd5 Qd8 25. Rd1 Bb7 26. Rb3 Bxd5 27. Rxd5 Nf6 28. Rd1 exf4 29. Nxf4 Bxf4 30. gxf4 Rxa2
31. Rdb1 Qd7 32. Qh4 Kg7 33. Rh3 h5 34. Rf1 Qf5 35. Rg3 Ng4 36. h3 Nf6 37. Rg5 Qc2 38. Rf2 Qxf2+
0-1

[Event "1800 - 2299 Rated Tournament 5"]
[Site "SchemingMind.com"]
[Date "2023.06.14"]
[Round "-"]
[White "greghghs"]
[Black "pawngrabber"]
[Result "1-0"]
[WhiteCountry "ENG"]
[BlackCountry "ENG"]
[WhiteElo "2257"]
[WhiteRD "166"]
[BlackElo "1805"]
[BlackRD "68"]
[GameID "734840"]

1. e4 d6 2. d4 Nf6 3. Nc3 g6 4. Be3 c6 5. h3 b5 6. e5 dxe5 7. dxe5 Nfd7 8. f4 Bg7 9. Nf3 O-O 10. Qd2 Qa5
11. Be2 Nb6 12. O-O Bb7 13. a3 Nd5 14. Nxd5 cxd5 15. Qxa5
1-0

[Event "1800 - 2299 Rated Tournament 5"]
[Site "SchemingMind.com"]
[Date "2023.06.15"]
[Round "-"]
[White "pawngrabber"]
[Black "Raymond de Kemp"]
[Result "0-1"]
[WhiteCountry "ENG"]
[BlackCountry "NED"]
[WhiteElo "1821"]
[WhiteRD "70"]
[BlackElo "1808"]
[BlackRD "71"]
[GameID "734841"]

1. d4 f5 2. c4 Nf6 3. Nc3 d6 4. g3 g6 5. Bg2 Bg7 6. e4 fxe4 7. Nxe4 c6 8. Ne2 O-O 9. O-O Bf5 10. N2c3 Nbd7
11. Bg5 h6 12. Bf4 g5 13. Be3 Ng4 14. Qe2 Rc8 15. h3 Nxe3 16. fxe3 Qc7 17. Rac1 d5 18. cxd5 cxd5 19. Nf2 e6 20. Qd2 Qxg3
21. Ne2 Qd6 22. Rxc8 Rxc8 23. Rc1 Rf8 24. b3 Bf6 25. e4 Bxe4 26. Bxe4 dxe4 27. Nxe4 Qb8 28. Nxf6+ Nxf6 29. Qe3 Qd6 30. Qd3 Kg7
31. Qc4 Ne4 32. Qc7+ Rf7 33. Qxd6 Nxd6 34. Kg2 Ne4 35. Rf1 Rxf1 36. Kxf1 Kg6 37. Kg2 h5 38. Nc1 Kf5 39. Nd3 h4 40. Kf3 a5
41. Ne5 b5 42. Nd3 Nc3 43. Nc1 b4 44. Ke3 Nd5+ 45. Kf3 Nf4
0-1

[Event "1800 - 2299 Rated Tournament 5"]
[Site "SchemingMind.com"]
[Date "2023.06.15"]
[Round "-"]
[White "Raymond de Kemp"]
[Black "pawngrabber"]
[Result "0-1"]
[WhiteCountry "NED"]
[BlackCountry "ENG"]
[WhiteElo "1808"]
[WhiteRD "71"]
[BlackElo "1821"]
[BlackRD "70"]
[GameID "734842"]

1. f4 d5 2. Nf3 Nf6 3. g3 e6 4. Bg2 c5 5. O-O Be7 6. d3 Nc6 7. Qe1 O-O 8. e4 dxe4 9. dxe4 Qb6 10. Kh1 Bd7
11. e5 Ng4 12. h3 Nh6 13. Nc3 Nf5 14. g4 Nfd4 15. Qf2 Rad8 16. Na4 Qb4 17. b3 b5 18. c3 Qa5 19. cxd4 bxa4 20. Bd2 Qb6
21. bxa4 Nxd4 22. Rab1 Qa6 23. Nxd4 cxd4 24. Bb7 Bc6+ 25. Bxc6 Qxc6+ 26. Qf3 Qxa4 27. Qb3 Qc6+ 28. Kh2 Bh4 29. Rbc1 Qa8 30. f5 exf5
31. gxf5 Qd5 32. Qxd5 Rxd5 33. Bb4 Re8 34. f6 Rdxe5 35. fxg7 Re2+ 36. Kh1 d3 37. Rf4 Bg5
0-1